Resultados y lecciones en producción de alfalfa bajo sistema cero labranza: proyecto de innovación en XII región de Magallanes

Salvato in:
Dettagli Bibliografici
Ente Autore: Fundación para la Innovación Agraria (Autore)
Natura: Libro
Lingua:spagnolo
Pubblicazione: Santiago Ministerio de Agricultura 2008
Serie:Experiencias de Innovación para el Emprendimiento Agrario, 36
Soggetti:
Tags: Aggiungi Tag
Nessun Tag, puoi essere il primo ad aggiungerne!!

MARC

LEADER 00000nam a2200000 a 4500
001 UCG0640
003 CL-VaPUC
008 100401e20080000CL |||||||||||||||||spa|d
020 |a 9789563280319 
082 0 4 |a 633.31  |b FUN  |2 21 
110 2 |a Fundación para la Innovación Agraria  |e author  |9 548099 
245 1 0 |a Resultados y lecciones en producción de alfalfa bajo sistema cero labranza: proyecto de innovación en XII región de Magallanes 
300 |a 40 p 
942 |c BK 
945 |d 20100401 00:00:00  |a rbrito 
260 |a Santiago  |b Ministerio de Agricultura  |c 2008 
500 |a Incluye en forma separada ficha de valoración de resultados 
650 0 |a Alfalfa  |x Planta   |9 411265 
650 0 |a Cultivo  |9 264268 
650 0 |a Análisis de mercado   |9 260838 
650 7 |a CERO LABRANZA  |2 CL-VaPUC  |9 467723 
583 |a last modification  |c 20130325 06:14:33  |k Rodrigo Vera 
490 0 |a Experiencias de Innovación para el Emprendimiento Agrario, 36 
999 |c 340200  |d 340198 
952 |0 0  |1 0  |4 0  |6 633_310000000000000_FUN_2008  |7 0  |8 A  |9 434743  |a BIBAGR  |b BIBAGR  |d 2019-11-22  |i 4657357  |o 633.31 FUN 2008  |p 4657357  |r 2025-01-20  |w 2019-11-22  |y BK  |k AGR